[Event "Manila Interzonal"]
[Site "Manila"]
[Date "1976.??.??"]
[Round "5"]
[White "Kavalek, Lubomir"]
[Black "Hort, Vlastimil"]
[Result "1/2-1/2"]
[WhiteElo "2540"]
[BlackElo "2600"]

1.c4 Nf6 2.Nf3 g6 3.g3 Bg7 4.Bg2 O-O 5.d4 c6 6.O-O d5 7.b3 Be6 8.Nbd2 a5
9.cxd5 Nxd5 10.Nc4 a4 11.Bd2 Nf6 12.Rc1 axb3 13.axb3 Bd5 14.Bb4 Nbd7 15.Ra1 Rc8
16.Qb1 Be4 17.Qd1 Bd5 18.Qb1 Be4  1/2-1/2

[Event "Manila Interzonal"]
[Site "Manila"]
[Date "1976.??.??"]
[Round "13"]
[White "Quinteros, Miguel A"]
[Black "Ljubojevic, Ljubomir"]
[Result "0-1"]
[WhiteElo "2540"]
[BlackElo "2620"]

1.e4 c5 2.Nf3 Nf6 3.Nc3 Nc6 4.d4 cxd4 5.Nxd4 e5 6.Ndb5 d6 7.Bg5 a6 8.Bxf6 gxf6
9.Na3 b5 10.Nd5 f5 11.exf5 Bxf5 12.c3 Bg7 13.Nc2 O-O 14.Nce3 Bg6 15.h4 h6
16.g4 e4 17.Be2 Rc8 18.Nf5 Bxf5 19.gxf5 Ne5 20.Qd2 Rc5 21.f6 Bxf6 22.O-O-O Bxh4
23.Rdg1+ Bg5 24.Rxh6 Nf3 25.Bxf3 Rxd5 26.Rh5 f6 27.Rhxg5+ Rxg5 28.Rxg5+ fxg5
29.Bxe4 Qf6 30.Qd5+ Kg7 31.f3 Qe5 32.Qc6 Rf7 33.Kc2 a5 34.a3 Qc5 35.Qe8 b4
36.axb4 axb4 37.Qe6 bxc3 38.bxc3 Qe5 39.Qxe5+ dxe5 40.c4 Kf6 41.c5 Rc7 42.c6 Ke6
43.Kd3 Kd6 44.Ke3 Rf7 45.Ke2 Rf8 46.Ke3 Rf4  0-1

[Event "Manila Interzonal"]
[Site "Manila"]
[Date "1976.??.??"]
[Round "14"]
[White "Mariotti, Sergio"]
[Black "Kavalek, Lubomir"]
[Result "1-0"]
[WhiteElo "2470"]
[BlackElo "2540"]

1.e4 c5 2.Nf3 Nc6 3.d4 cxd4 4.Nxd4 Qb6 5.Nb3 Nf6 6.Nc3 e6 7.Bd3 Be7 8.O-O d5
9.exd5 exd5 10.Be3 Qd8 11.Bc5 Bxc5 12.Nxc5 O-O 13.h3 Qb6 14.Nb3 Be6 15.Ne2 a5
16.Rb1 Ne4 17.c3 Rfe8 18.Nbd4 Rad8 19.Qc2 Bc8 20.Rfd1 Qc7 21.Nxc6 bxc6 22.c4 Qe5
23.Bxe4 dxe4 24.Rxd8 Rxd8 25.Rd1 Re8 26.Qc3 Qc5 27.Qd4 Qb4 28.b3 a4 29.Qd6 Qb6
30.c5 Qb7 31.bxa4 Be6 32.Nd4 Bd5 33.Nf5 f6 34.Rxd5 cxd5 35.c6 Qb2 36.c7 e3
37.c8=Q exf2+ 38.Kh2 Rxc8 39.Qe6+  1-0